| Tag |
First Indicator |
Second Indicator |
Subfields |
| LEADER |
00000cam a22000004a 4500 |
| 001 |
in00002366921 |
| 005 |
20151109042116.0 |
| 008 |
070717s2008 nyu 000 1 eng |
| 010 |
|
|
|a 2007029479
|
| 015 |
|
|
|a GBA753948
|2 bnb
|
| 016 |
7 |
|
|a 013789853
|2 Uk
|
| 020 |
|
|
|a 9781590172476 (alk. paper)
|
| 020 |
|
|
|a 1590172477 (alk. paper)
|
| 035 |
|
|
|a (OCoLC)ocn144228070
|
| 035 |
|
|
|a (OCoLC)144228070
|
| 040 |
|
|
|a DLC
|c DLC
|d YDX
|d UKM
|d BTCTA
|d BAKER
|d YDXCP
|d VPL
|d IXA
|d UtOrBLW
|
| 041 |
1 |
|
|a eng
|h fre
|
| 042 |
|
|
|a pcc
|
| 049 |
|
|
|a TXAM
|
| 050 |
1 |
0 |
|a PQ2637.E49
|b A813 2008
|
| 082 |
0 |
0 |
|a 843/.912
|2 22
|
| 100 |
1 |
|
|a Serge, Victor,
|d 1890-1947.
|
| 240 |
1 |
0 |
|a Années sans pardon.
|l English
|
| 245 |
1 |
4 |
|a The unforgiving years /
|c by Victor Serge ; translated and with an introduction by Richard Greeman.
|
| 264 |
|
1 |
|a New York :
|b New York Review Books,
|c [2008]
|
| 264 |
|
4 |
|c ©2008
|
| 300 |
|
|
|a xxvi, 341 pages ;
|c 21 cm.
|
| 336 |
|
|
|a text
|b txt
|2 rdacontent
|
| 337 |
|
|
|a unmediated
|b n
|2 rdamedia
|
| 338 |
|
|
|a volume
|b nc
|2 rdacarrier
|
| 490 |
1 |
|
|a New York Review Books classics
|
| 546 |
|
|
|a Translated from the French.
|
| 650 |
|
0 |
|a World War, 1939-1945
|v Fiction.
|
| 700 |
1 |
|
|a Greeman, Richard.
|
| 830 |
|
0 |
|a New York Review Books classics.
|
| 856 |
4 |
2 |
|3 Contributor biographical information
|u http://www.loc.gov/catdir/enhancements/fy0735/2007029479-b.html
|t 0
|
| 856 |
4 |
2 |
|3 Publisher description
|u http://www.loc.gov/catdir/enhancements/fy0735/2007029479-d.html
|t 0
|
| 938 |
|
|
|a Baker and Taylor
|b BTCP
|n BK0007171199
|
| 938 |
|
|
|a Baker & Taylor
|b BKTY
|c 15.95
|d 11.96
|i 1590172477
|n 0007171199
|s active
|
| 938 |
|
|
|a YBP Library Services
|b YANK
|n 2561259
|
| 945 |
|
|
|a PromptCat
|b 380590
|
| 946 |
|
|
|a stk
|
| 947 |
|
|
|a A14836759642
|
| 994 |
|
|
|a 92
|b TXA
|
| 948 |
|
|
|a cataloged
|b h
|c 2008/4/11
|d c
|e asalazar
|f 1:40:59 pm
|
| 999 |
|
|
|a MARS
|
| 999 |
f |
f |
|s 126812ec-ff9a-33b1-88fd-27ea49dd49ae
|i 8fa6ffa3-94ba-326b-b2f3-408954a2d7ed
|t 0
|
| 952 |
f |
f |
|p normal
|a Texas A&M University
|b College Station
|c Sterling C. Evans Library
|d Evans: Library Stacks
|t 0
|e PQ2637.E49 A813 2008
|h Library of Congress classification
|i unmediated -- volume
|m A14836759642
|
| 998 |
f |
f |
|a PQ2637.E49 A813 2008
|t 0
|l Evans: Library Stacks
|